| 000 | 07617 aa a2200637 4500 | ||
|---|---|---|---|
| 005 | 20090903134244.0 | ||
| 010 | _aB-357193 | ||
| 020 |
_a8189362089 _c175.00 |
||
| 035 | _aB-357193 | ||
| 035 | _aB-371445-474 | ||
| 037 | _bD.B.Act / pub | ||
| 037 | _bपर्व प्रकाशन/ PUB | ||
| 082 | _aक | ||
| 100 |
_aराजबहादुर सिंह _918688 |
||
| 245 |
_aपुराणों की कहानियाँ / _cराजबहादुर सिंह |
||
| 246 |
_aPuranon Ki kahaniyan _bby Rajbhadur Singh |
||
| 260 |
_aदिल्ली _b पर्व प्रकाशन _c2009 |
||
| 270 |
_a 1376, प्रथम मंजिल कश्मीरी गेट, _bदिल्ली _e110006 |
||
| 300 |
_a128 पृ. _c24सेमी (सजिल्द) _bसचित्र |
||
| 650 |
_aहिन्दी कहानियाँ _918689 |
||
| 650 |
_aबाल कहानियाँ _91328 |
||
| 650 |
_aChildren Stories _918690 |
||
| 942 |
_adpl _cCH _kक / मिश्रभ _2ddc _hक _mराजब |
||
| 999 |
_c29930 _d29930 |
||